000 00806nam a2200241Ia 4500
003 OSt
005 20220923212600.0
006 a|||||r|||| 00| 0
007 ta
008 220922b |||||||| |||| 00| 0 hin d
024 _a154,186
037 _cTextual
040 _aARTS
_cARTS
_bhin
041 _2hin
_ahin
082 _aO152vN, L3
100 _aअभिताभ, वेद प्रकाश शर्मा
_9162606
245 0 _aसमकालीन हिन्दी साहित्य
246 _aSamakālīn hindī sāhitya
260 _aमथुरा
_b जवाहर पुस्तकालय
_c1973
300 _a188 i0
_ccm.
942 _hO152vN, L3
_cTEXL
_2CC
999 _c309814
_d309814